Pokémon-Les pierres d'évolution - Statistiques

Statistiques générales
  • Ce quiz a été pris 74 fois
  • Le résultat moyen est 9 sur 12
Statistiques - réponses
Pierres d'évolution % Correct
Pierre Eau
97%
Pierre Feu
97%
Pierre Foudre
96%
Pierre Plante
91%
Pierre Nuit
81%
Pierre Lune
79%
Pierre Soleil
76%
Pierre Glace
72%
Pierre Aube
69%
Pierre Eclat
66%
Pierre Unys
19%
Pierre Sinnoh
15%
Aucun quiz correspondant
Distribution des résultats
% des personnes avec chaque résultat
Percentile par nombre de réponses
Votre historique - résultats
Vous n’avez pas pris ce quiz